Об изменении и дополнении Положения о военных трибуналах и военной прокуратуре

Доступно только в Электронных читальных залах Найти на картеНа карте
RUSMARC
00004045nac2a22002773x 450
001119c0198-a93f-4594-ab73-883afa3f6d96
00520230624084427.0
100##$a20230605l19281929k y0rusy50 ca
1010#$arus
$amul
102##$aRU
105##$ay z |||||
1222#$ad19281231
$ad19290428
2001#$aОб изменении и дополнении Положения о военных трибуналах и военной прокуратуре
$j31.12.1928 - 28.04.1929
215##$a61 лист
$d38,6 х 25,7
251##$cДело
300##$aЧасть текста на языках народов СССР
300##$aВ деле обратная нумерация
300##$aЛист: 43 - подшит между листами №№ 41 и 42
300##$aЧасть текста машинописная и рукописная, часть - напечатана типографским способом
324##$aВ деле имеются копии отдельных документов
461#0$1001796d4672-8a00-4986-b488-6e42273792cc
$12001
$aЦЕНТРАЛЬНЫЙ ИСПОЛНИТЕЛЬНЫЙ КОМИТЕТ СССР (ЦИК СССР).
$1251
$cФонд
$1852
$gР
$j3316
462#0$10016e6e8ba4-e15f-4ad4-8937-f1e88c150bfe
$12001
$aДела Секретариата Президиума ЦИК Союза ССР. 1929 г.
$vД. 211
$1251
$cОпись
$1852
$j22
60101$3RU\NLR\AUTH\880357276
$aСССР
$bЦИК
801#0$aRU
$bGA_RF
801#1$aRU
$bГлавНИВЦ
$c20230605
$2rusmarc
801#2$aRU
$bПБ им. Б.Н. Ельцина
$c20230624
$gRCR
$2rusmarc
852##$aГА РФ
$j211
937##$d185698906
$hГАРФ
035##$aRuPRLIB51071811
856##$uhttp://readingroom.main.prlib.ru/item.aspx?id_node=n185698906&mode=full
Формат отображения